Agriculture and the WTO (Record no. 65087)
[ view plain ]
| 000 -LEADER | |
|---|---|
| fixed length control field | 01661nam a2200397Ia 4500 |
| 082 04 - DEWEY DECIMAL CLASSIFICATION NUMBER | |
| Classification number | 382/.41 |
| 245 00 - TITLE STATEMENT | |
| Title | Agriculture and the WTO |
| 260 ## - PUBLICATION, DISTRIBUTION, ETC. (IMPRINT) | |
| Place of publication | Washington, DC : |
| Name of publisher | World Bank, |
| Year of publication | 2004. |
| 300 ## - PHYSICAL DESCRIPTION | |
| Number of Pages | xvii, 387 p. |
| 500 ## - GENERAL NOTE | |
| General note | "A copublication with the World Bank and Oxford University Press." |
| 650 #0 - SUBJECT ADDED ENTRY--TOPICAL TERM | |
| Topical Term | Tariff on farm produce. |
| Topical Term | Produce trade |
| Topical Term | Export subsidies. |
| Topical Term | Free trade. |
| Topical Term | Produce trade |
| Topical Term | Agriculture |
| Topical Term | Globalization |
| 700 1# - ADDED ENTRY--PERSONAL NAME | |
| Personal name | Ingco, Merlinda D. |
| Personal name | Nash, John, |
| 856 40 - ELECTRONIC LOCATION AND ACCESS | |
| Uniform Resource Identifier | http://site.ebrary.com/lib/rucke/Doc?id=10052879 |
No items available.
